| 000 | 00763nam a2200217 i 4500 | ||
|---|---|---|---|
| 001 | 167013 | ||
| 003 | ES-MaACL | ||
| 005 | 20250813015948.0 | ||
| 008 | 931025s1877 it |||| | ita d | ||
| 100 | 1 |
_aVasari, Giorgio ( _d1511-1574) _9113257 |
|
| 245 | 1 | 0 |
_aProse scelte _b: con le notizie dell'autore / _cGiorgio Vasari ; [prefacio de Francesco Costéro]. |
| 250 | _aEd. stereotipa. | ||
| 260 |
_aMilano : _bEdoardo Sonzogno, _c1877. |
||
| 300 |
_a364 p. ; _c19 cm. |
||
| 490 | 1 |
_aBiblioteca classica económica ; _v50 |
|
| 650 | 0 | 4 |
_aArte- _vHistoria _910107 |
| 700 | 1 |
_aCostèro, Francesco, _d1818-1881 _941149 |
|
| 830 | 0 | 0 |
_aBiblioteca classica economica _v50 _9182054 |
| 852 |
_aES-MaACL _jF-10613 _z-- Enc. hol. |
||
| 999 |
_c167013 _d167013 |
||